000 00818nam a2200253Ia 4500
003 OSt
005 20220923220325.0
006 a|||||r|||| 00| 0
007 ta
008 220922b |||||||| |||| 00| 0 hin d
024 _a185,971
037 _cTextual
040 _aARTS
_cARTS
_bhin
041 _2hin
_ahin
082 _aY73(Q2):1, 152L0
100 _aचतुरसेन
_9156280
245 0 _aहिन्दू समाज का नव-निर्माण
246 _aHindū samāj kā nava-nirmāṇa
260 _aदिल्ली
_b प्रभात प्रकाशन
_c1970
300 _a212पृ.
_ccm.
650 _aभारतीय-लोक साहित्य
942 _hY73(Q2):1, 152L0
_cTEXL
_2CC
999 _c339216
_d339216